Statistiques concernant Prénom dans Harry Potter finissant par -a

Cliquez ici pour prendre le quiz!

Statistiques générales

  • Ce quiz a été pris 133 fois
    (124 depuis la dernière actualisation)
  • Le résultat moyen est 20 sur 33

Statistiques - réponses

Nom de famillePrénom% Correct
McGonagallMinerva
93%
LovegoodLuna
91%
DursleyPétunia
91%
MalefoyNarcissa
90%
SerdaigleRowena
89%
TonksNymphadora
88%
SkeeterRita
88%
PatilPadma
86%
SerdaigleHelena
84%
ChouravePomona
84%
PoufsouffleHelga
81%
DumbledoreAriana
80%
TourdesacBathilda
79%
JohnsonAngelina
74%
SpinnetAlicia
69%
TonksAndromeda
69%
GreengrassAstoria
60%
DumbledoreKendra
59%
FiggArabella
57%
SinistraAurora
57%
VaneRomilda
57%
LondubatAugusta
56%
HopkrikMafalda
56%
BonesAmélia
49%
JorkinsBertha
48%
EdgecombeMarietta
33%
VectorSeptima
31%
BlackWalburga
31%
Gobe-PlancheWilhelmina
30%
JonesHestia
27%
MarchebankGriselda
22%
TêtenjoyGalatea
21%
RobinsDemelza
19%

Distribution des résultats

Percentile par nombre de réponses

% des personnes avec chaque résultat

Votre développement - résultats

Vous n’avez pas pris ce quiz depuis la dernière actualisation